Alle jemals in Landesparlamenten vertretene Parteien - Statistiken

Allgemein
  • Dieses Quiz wurde 289 mal gespielt
  • Das Durchschnittsergebnis liegt bei 13 aus 32
Antwortstatistiken
Antwort Aktuell vertreten Historisch vertreten % Korrekt
Christlich Demokratische Union Deutschlands 15 18
100%
Freie Demokratische Partei 11 19
99%
Bündnis 90/Die Grünen 14 16
98%
Die Linke 10 13
98%
Sozialdemokratische Partei Deutschlands 16 19
98%
Alternative für Deutschland 16 16
97%
Christlich-Soziale Union in Bayern 1 2
88%
Nationaldemokratische Partei Deutschlands - 9
83%
Freie Wähler 1 1
78%
Piratenpartei Deutschland - 4
59%
Brandenburger Vereinigte Bürgerbewegungen/Freie Wähler 1 1
58%
Kommunistische Partei Deutschlands - 10
56%
Südschleswigscher Wählerverband 1 1
48%
Zentrumspartei - 2
44%
Bayernpartei - 1
42%
Die Republikaner - 2
39%
Deutsche Partei - 4
31%
Deutsche Volksunion - 4
31%
Partei Rechtsstaatlicher Offensive - 1
23%
Bürger in Wut 1 1
21%
Statt Partei - 1
9%
Deutsche Reichspartei - 2
8%
Gesamtdeutscher Block/Bund der Heimatvertriebenen und Entrechteten - 7
7%
Wirtschaftliche Aufbau-Vereinigung - 1
6%
Sozialistische Reichspartei - 2
5%
Saarländische Volkspartei - 1
3%
Deutsche Gemeinschaft - 2
2%
Arbeit für Bremen und Bremerhaven - 1
1%
Deutsche Demokratische Union/Deutsche Friedensunion - 1
1%
Deutsche Soziale Partei - 1
1%
Wählergemeinschaft der Fliegergeschädigten - 1
1%
Radikal-Soziale Freiheitspartei/Freisoziale Union - 1
0%
Keine übereinstimmenden Quizze gefunden
Verteilung der Resultate
Anzahl Personen mit jedem Resultat
Perzentil nach korrekt beantworteten Fragen
Ihre Resultats-Entwicklung
Sie haben dieses Quiz noch nicht gespielt